Sports Quiz

Random Sports Quiz

Players linked to Carmelo Anthony Trade Quiz Stats

 Plays Quiz not verified by Sporcle

Challenge
Share
Tweet
Embed
Score 0/37 Timer 05:00
0 Plays Today
Current Team Player % Correct
NuggetsChauncey Billups
82.2%
NuggetsCarmelo Anthony
73.3%
KnicksWilson Chandler
70%
KnicksDanilo Gallinari
68.9%
NetsDevin Harris
55.6%
KnicksAnthony Randolph
46.7%
NuggetsJ.R. Smith
46.7%
NetsDerrick Favors
42.2%
TimberwolvesCorey Brewer
41.1%
HornetsChris Paul
41.1%
PistonsRip Hamilton
40%
KnicksEddy Curry
38.9%
KnicksTimothy Mozgov
37.8%
KnicksLandry Fields
36.7%
GrizzliesOJ Mayo
36.7%
RocketsAaron Brooks
36.7%
BullsLuol Deng
35.6%
BullsJoakim Noah
34.4%
NetsAnthony Morrow
28.9%
Current Team Player % Correct
NuggetsAnthony Carter
27.8%
MavericksCaron Butler
27.8%
Trail BlazersAndre Miller
27.8%
NuggetsAl Harrington
26.7%
NetsKris Humphries
25.6%
RocketsYao Ming
22.2%
NetsTroy Murphy
18.9%
RocketsKyle Lowry
18.9%
LakersAndrew Bynum
18.9%
Trail BlazersNicholas Batum
16.7%
KnicksBill Walker
14.4%
NetsBen Uzoh
12.2%
MavericksRodrigue Beaubois
11.1%
NetsJohan Petro
10%
MavericksDeshawn Stevenson
10%
NetsStephen Graham
8.9%
RocketsJordan Hill
7.8%
NetsQuinton Ross
6.7%

You're not logged in!

Compare scores with friends on all Sporcle quizzes.
OR
Log In

You Might Also Like...

Show Comments

Extras

Created Feb 6, 2011ReportNominate
Tags:anthony, linked, player, team, trade

Top Quizzes Today


Score Distribution

Your Account Isn't Verified!

In order to create a playlist on Sporcle, you need to verify the email address you used during registration. Go to your Sporcle Settings to finish the process.

Report this User

Report this user for behavior that violates our Community Guidelines.

Details: